SE VUOI. RIVISTA DI ORIENTAMENTO. N. VI. ANNO XXIV. NOVEMBRE DICEMBRE 1983. (Record n. 321006)

Dettagli MARC
000 -LEADER
fixed length control field 01657nas a2200277Ia 4500
001 - CONTROL NUMBER
control field R240-R2907
003 - CONTROL NUMBER IDENTIFIER
control field IT-CnALBA
008 - FIXED-LENGTH DATA ELEMENTS--GENERAL INFORMATION
fixed length control field 170116c99999999xx |||||||||||| ||und||
040 ## - CATALOGING SOURCE
Original cataloging agency IT-CnALBA
Transcribing agency IT-CnALBA
041 ## - LANGUAGE CODE
Language code of text/sound track or separate title ITALIANO
999 ## - SYSTEM CONTROL NUMBERS (KOHA)
Koha Dewey Subclass [OBSOLETE] NO
100 ## - MAIN ENTRY--PERSONAL NAME
Personal name CANOPI ANNA MARIA, OSB.
210 ## - ABBREVIATED TITLE
Abbreviated title SE VUOI
222 ## - KEY TITLE
Key title SE VUOI
245 #0 - TITLE STATEMENT
Title SE VUOI. RIVISTA DI ORIENTAMENTO. N. VI. ANNO XXIV. NOVEMBRE DICEMBRE 1983.
250 ## - EDITION STATEMENT
Edition statement 1a ed.
260 ## - PUBLICATION, DISTRIBUTION, ETC. (IMPRINT)
Place of publication, distribution, etc. CINISELLO BALSAMO (MI)
Name of publisher, distributor, etc. EDIZIONI PAOLINE
Date of publication, distribution, etc. 1983
300 ## - PHYSICAL DESCRIPTION
Extent 66 p.
310 ## - CURRENT PUBLICATION FREQUENCY
Current publication frequency BIMESTRALE
362 ## - DATES OF PUBLICATION AND/OR SEQUENTIAL DESIGNATION
Dates of publication and/or sequential designation Fascicolo: 6 / Anno: 24 (1983)
500 ## - GENERAL NOTE
General note VITA MONASTICA E SERVIZIO AGLI UOMINI. SEQUELA DI CRISTO. MATRIMONIO. LIBERAZIONE DELLA PASSIONE DELLA VITA. CIAN L. CADORIN B. ROSSINI A. FILM, CAMMINACAMMINA, REGIA DI ERMANNO OLMI. CAMMINO VOCAZIONALE CON S. PAOLO, FOTOLINGUAGGIO. SUORE DI GESÙ BUON PASTORE, PASTORELLE. COMUNITÀ EMMANUEL. ESPERIENZE DI DESERTO. TESTIMONIANZE, INCONTRI DI PREGHIERA. FEDERICO OZANAM. COME FRANCESCO. RECENSIONI. LIBRI. INDICE ANNATA 1983.
501 ## - WITH NOTE
With note Società San Paolo EM - Piazza San Paolo, 14 - 12051 ALBA (CN) (non commercial uses only) ® Copyright 2017
520 ## - SUMMARY, ETC.
Summary, etc. VITA MONASTICA E SERVIZIO AGLI UOMINI. SEQUELA DI CRISTO. MATRIMONIO. LIBERAZIONE DELLA PASSIONE DELLA VITA. CIAN L. CADORIN B. ROSSINI A. FILM, CAMMINACAMMINA, REGIA DI ERMANNO OLMI. CAMMINO VOCAZIONALE CON S. PAOLO, FOTOLINGUAGGIO. SUORE DI GESÙ BUON PASTORE, PASTORELLE. COMUNITÀ EMMANUEL. ESPERIENZE DI DESERTO. TESTIMONIANZE, INCONTRI DI PREGHIERA. FEDERICO OZANAM. COME FRANCESCO. RECENSIONI. LIBRI. INDICE ANNATA 1983.
650 ## - SUBJECT ADDED ENTRY--TOPICAL TERM
Topical term or geographic name as entry element VOCAZIONE
942 ## - ADDED ENTRY ELEMENTS (KOHA)
Koha item type RIVISTA
957 ## -
-- 1
999 ## - SYSTEM CONTROL NUMBERS (KOHA)
-- 1
Dati di copia
Withdrawn status Lost status Damaged status Not for loan Home library Current library Date acquired Total Checkouts Full call number Date last seen Price effective from Koha item type Public note
    Buone Condizioni Not For Loan ALBA - Biblioteca ALBA - Biblioteca 16/01/2017   R240-R2907 16/01/2017 16/01/2017 RIVISTA (data import: 16 gennaio 2017) - By Epidotti, Vaglietti.
CREDITS: SOCIETA' SAN PAOLO Via A.Severo, 58 - ROMA (RM) & PERIODICI SAN PAOLO SRL Via Giotto, 36 MILANO & CISF Via Giotto, 36 MILANO & EDIZIONI SAN PAOLO SRL,  Piazza Soncino, 5 CINISELLO BALSAMO (MI) -- ITALY